<?xml version="1.0" encoding="UTF-8"?>
<record
    xmlns:xsi="http://www.w3.org/2001/XMLSchema-instance"
    xsi:schemaLocation="http://www.loc.gov/MARC21/slim http://www.loc.gov/standards/marcxml/schema/MARC21slim.xsd"
    xmlns="http://www.loc.gov/MARC21/slim">

  <leader>01673nam a2200253 a 4500</leader>
  <controlfield tag="003">BD-RjUL</controlfield>
  <controlfield tag="005">20230911153451.0</controlfield>
  <controlfield tag="008">230911s2020    bg a|||| m||| 00| 0 ben d</controlfield>
  <datafield tag="035" ind1=" " ind2=" ">
    <subfield code="a">(BD-RjUL)</subfield>
  </datafield>
  <datafield tag="040" ind1=" " ind2=" ">
    <subfield code="a">BD-RjUL</subfield>
    <subfield code="b">ben / eng</subfield>
    <subfield code="c">BD-RjUL</subfield>
    <subfield code="d">BD-RjUL</subfield>
  </datafield>
  <datafield tag="041" ind1=" " ind2=" ">
    <subfield code="a">ben</subfield>
  </datafield>
  <datafield tag="082" ind1=" " ind2=" ">
    <subfield code="2">23</subfield>
    <subfield code="a">956</subfield>
    <subfield code="b">SUM 2020</subfield>
  </datafield>
  <datafield tag="100" ind1=" " ind2=" ">
    <subfield code="a">&#x9B8;&#x9C1;&#x9B0;&#x9BE;&#x987;&#x9AF;&#x9BC;&#x9BE;, &#x9A4;&#x9BE;&#x9B8;&#x9B2;&#x9BF;&#x9AE;&#x9BE;</subfield>
    <subfield code="9">8926</subfield>
  </datafield>
  <datafield tag="245" ind1="1" ind2="0">
    <subfield code="a">&#x9AE;&#x9A7;&#x9CD;&#x9AF;&#x9AA;&#x9CD;&#x9B0;&#x9BE;&#x99A;&#x9CD;&#x9AF;&#x9C7;&#x9B0; &#x9A4;&#x9C7;&#x9B2; &#x98F;&#x9AC;&#x982; &#x9AD;&#x9C2;-&#x9B0;&#x9BE;&#x99C;&#x9A8;&#x9C0;&#x9A4;&#x9BF;, &#x9E7;&#x9EF;&#x9E6;&#x9ED;&#x9A5;&#x9C7;&#x995;&#x9C7; &#x9E8;&#x9E6;&#x9E6;&#x9E9; &#x9AA;&#x9B0;&#x9CD;&#x9AF;&#x9A8;&#x9CD;&#x9A4; /</subfield>
    <subfield code="c">&#x9A4;&#x9BE;&#x9B8;&#x9B2;&#x9BF;&#x9AE;&#x9BE; &#x9B8;&#x9C1;&#x9B0;&#x9BE;&#x987;&#x9AF;&#x9BC;&#x9BE; ;</subfield>
    <subfield code="6">&#x997;&#x9AC;&#x9C7;&#x9B7;&#x9A3;&#x9BE; &#x9A4;&#x9A4;&#x9CD;&#x9A4;&#x9CD;&#x9AC;&#x9BE;&#x9AC;&#x9A7;&#x9BE;&#x9AF;&#x9BC;&#x995; : &#x9AE;&#x9CB;. &#x9B9;&#x9BE;&#x9B0;&#x9C1;&#x9A8; &#x985;&#x9B0;-&#x9B0;&#x9B6;&#x9C0;&#x9A6;</subfield>
  </datafield>
  <datafield tag="246" ind1=" " ind2=" ">
    <subfield code="a">middle Eastern oil and Geo-Politics from 1907 to 2003 /</subfield>
  </datafield>
  <datafield tag="260" ind1=" " ind2=" ">
    <subfield code="a">&#x9B0;&#x9BE;&#x99C;&#x9B6;&#x9BE;&#x9B9;&#x9C0; :</subfield>
    <subfield code="b">&#x987;&#x9B8;&#x9B2;&#x9BE;&#x9AE;&#x9C7;&#x9B0; &#x987;&#x9A4;&#x9BF;&#x9B9;&#x9BE;&#x9B8; &#x993; &#x9B8;&#x982;&#x9B8;&#x9CD;&#x995;&#x9C3;&#x9A4;&#x9BF; &#x9AC;&#x9BF;&#x9AD;&#x9BE;&#x997;, &#x9B0;&#x9BE;&#x99C;&#x9B6;&#x9BE;&#x9B9;&#x9C0; &#x9AC;&#x9BF;&#x9B6;&#x9CD;&#x9AC;&#x9AC;&#x9BF;&#x9A6;&#x9CD;&#x9AF;&#x9BE;&#x9B2;&#x9AF;&#x9BC;,</subfield>
    <subfield code="c">&#x9E8;&#x9E6;&#x9E8;&#x9E6;</subfield>
  </datafield>
  <datafield tag="300" ind1=" " ind2=" ">
    <subfield code="a">xvi, &#x9EF;&#x9EA; &#x9AA;&#x9BE;&#x9A4;&#x9BE; :</subfield>
    <subfield code="b">&#x99A;&#x9BF;&#x9A4;&#x9CD;&#x9B0; ;</subfield>
    <subfield code="c">&#x9E8;&#x9EF; &#x9B8;&#x9C7;&#x9AE;&#x9BF;.</subfield>
  </datafield>
  <datafield tag="502" ind1=" " ind2=" ">
    <subfield code="a">&#x9A5;&#x9BF;&#x9B8;&#x9BF;&#x9B8; (&#x98F;&#x9AE;. &#x9AB;&#x9BF;&#x9B2;.) -- &#x987;&#x9B8;&#x9B2;&#x9BE;&#x9AE;&#x9C7;&#x9B0; &#x987;&#x9A4;&#x9BF;&#x9B9;&#x9BE;&#x9B8; &#x993; &#x9B8;&#x982;&#x9B8;&#x9CD;&#x995;&#x9C3;&#x9A4;&#x9BF; &#x9AC;&#x9BF;&#x9AD;&#x9BE;&#x997;, &#x9B0;&#x9BE;&#x99C;&#x9B6;&#x9BE;&#x9B9;&#x9C0; &#x9AC;&#x9BF;&#x9B6;&#x9CD;&#x9AC;&#x9AC;&#x9BF;&#x9A6;&#x9CD;&#x9AF;&#x9BE;&#x9B2;&#x9AF;&#x9BC;, &#x9E8;&#x9E6;&#x9E8;&#x9E6;</subfield>
  </datafield>
  <datafield tag="504" ind1=" " ind2=" ">
    <subfield code="a">&#x997;&#x9CD;&#x9B0;&#x9A8;&#x9CD;&#x9A5;&#x9AA;&#x99E;&#x9CD;&#x99C;&#x9BF; : &#x9AA;&#x9BE;&#x9A4;&#x9BE; [&#x9EE;&#x9EB;]-&#x9EF;&#x9EA;</subfield>
  </datafield>
  <datafield tag="650" ind1=" " ind2=" ">
    <subfield code="a">&#x9AE;&#x9A7;&#x9CD;&#x9AF;&#x9AA;&#x9CD;&#x9B0;&#x9BE;&#x99A;&#x9CD;&#x9AF;&#x9C7;</subfield>
    <subfield code="v">&#x9E7;&#x9EF;&#x9E6;&#x9ED;&#x9A5;&#x9C7;&#x995;&#x9C7; &#x9E8;&#x9E6;&#x9E6;&#x9E9; &#x9AA;&#x9B0;&#x9CD;&#x9AF;&#x9A8;&#x9CD;&#x9A4; </subfield>
    <subfield code="9">8936</subfield>
  </datafield>
  <datafield tag="650" ind1=" " ind2=" ">
    <subfield code="a">Middle East</subfield>
    <subfield code="v">1907 to 2003</subfield>
    <subfield code="9">8935</subfield>
  </datafield>
  <datafield tag="700" ind1=" " ind2=" ">
    <subfield code="a">&#x9B0;&#x9B6;&#x9C0;&#x9A6;, &#x9AE;&#x9CB;. &#x9B9;&#x9BE;&#x9B0;&#x9C1;&#x9A8; &#x985;&#x9B0;, &#x997;&#x9AC;&#x9C7;&#x9B7;&#x9A3;&#x9BE; &#x9A4;&#x9A4;&#x9CD;&#x9A4;&#x9CD;&#x9AC;&#x9BE;&#x9AC;&#x9A7;&#x9BE;&#x9AF;&#x9BC;&#x995; </subfield>
    <subfield code="9">8927</subfield>
  </datafield>
  <datafield tag="942" ind1=" " ind2=" ">
    <subfield code="2">ddc</subfield>
    <subfield code="c">THE</subfield>
  </datafield>
  <datafield tag="999" ind1=" " ind2=" ">
    <subfield code="c">81900</subfield>
    <subfield code="d">81900</subfield>
  </datafield>
</record>
